[Event "Ibague Blitz op"]
[Site "Ibague"]
[Date "2022.10.08"]
[Round "9"]
[White "Estrada Velandia, Henry Andres"]
[Black "Rodriguez Sanchez, Diego Eduardo"]
[Result "1-0"]
[WhiteElo "1938"]
[BlackElo "1851"]
[PlyCount "72"]
[EventDate "2022.10.08"]
[EventType "swiss (blitz)"]
[EventRounds "9"]
[EventCountry "COL"]
[SourceTitle "CBM 210 Extra"]
[Source "ChessBase"]
[SourceDate "2022.11.30"]
[SourceVersion "1"]
[SourceVersionDate "2022.11.30"]
[SourceQuality "1"]

1. d4 d5 2. c4 e6 3. Nc3 dxc4 4. e3 Nf6 5. Bxc4 c5 6. Nge2 cxd4 7. exd4 a6 8. h3 b5 9. Bd3 Bb7 10. 0-0 Bd6 11. Bg5 Nbd7 12. Rc1 0-0 13. Bb1 Qa5 14. f4 h6 15. Bh4 b4 16. Na4 Rfc8 17. b3 Qh5 18. Bxf6 gxf6 19. Qd2 Kh8 20. Ng3 Qh4 21. Rxc8+ Rxc8 22. Be4 Bd5 23. Bxd5 exd5 24. Rf3 Rg8 25. Nf5 Qh5 26. Nxd6 Qxf3 27. Nxf7+ Kh7 28. Ng5+ Rxg5 29. fxg5 hxg5 30. gxf3 Kg6 31. Qd3+ Kg7 32. Qxa6 Nf8 33. Qb7+ Kh6 34. Qxd5 Ng6 35. Qc4 Nf4 36. Kh2 Ne2 1-0

[Event "Ibague Blitz op"]
[Site "Ibague"]
[Date "2022.10.08"]
[Round "3"]
[White "Garcia Pantoja, Roberto"]
[Black "Rodriguez Sanchez, Diego Eduardo"]
[Result "1-0"]
[WhiteElo "2526"]
[BlackElo "1851"]
[PlyCount "53"]
[EventDate "2022.10.08"]
[EventType "swiss (blitz)"]
[EventRounds "9"]
[EventCountry "COL"]
[SourceTitle "CBM 210 Extra"]
[Source "ChessBase"]
[SourceDate "2022.11.30"]
[SourceVersion "1"]
[SourceVersionDate "2022.11.30"]
[SourceQuality "1"]

1. e4 e6 2. d4 d5 3. Nc3 dxe4 4. Nxe4 Nd7 5. Nf3 Ngf6 6. Nxf6+ Nxf6 7. Be3 a6 8. Bd3 b5 9. Qe2 Bb7 10. 0-0-0 Nd5 11. Ne5 Rc8 12. Bxb5+ axb5 13. Qxb5+ c6 14. Qxb7 Qc7 15. Qxc7 Rxc7 16. c4 Nxe3 17. fxe3 Bd6 18. Nd3 0-0 19. c5 Be7 20. b4 Ra8 21. Kb2 Rca7 22. Ra1 Ra3 23. Rhd1 Bg5 24. e4 Be3 25. Ne5 R3a6 26. Nc4 f6 27. Nxe3 1-0

[Event "Bogota El Tablazo op-B"]
[Site "Bogota"]
[Date "2022.06.27"]
[Round "6.27"]
[White "Rodriguez Sanchez, Diego Eduardo"]
[Black "Contreras Gonzalez, Cristian David"]
[Result "1-0"]
[WhiteElo "1926"]
[BlackElo "1214"]
[PlyCount "61"]
[EventDate "2022.06.24"]
[EventType "swiss"]
[EventRounds "7"]
[EventCountry "COL"]
[SourceTitle "EXT 2024"]
[Source "ChessBase"]
[SourceDate "2023.10.10"]
[SourceVersion "1"]
[SourceVersionDate "2023.10.10"]
[SourceQuality "1"]

1. d4 d6 2. Bf4 g6 3. e3 Bg7 4. Be2 Nd7 5. Nf3 e5 6. dxe5 Nxe5 7. Nxe5 Bxe5 8. Bxe5 dxe5 9. Qxd8+ Kxd8 10. Nc3 Nf6 11. 0-0-0+ Ke7 12. Rd2 c6 13. Rhd1 Be6 14. Na4 Nd7 15. b3 b5 16. Nb2 Nc5 17. Nd3 Nxd3+ 18. Rxd3 Rac8 19. Kb2 c5 20. Kc3 Rc7 21. Bf3 Rhc8 22. Bd5 c4 23. bxc4 Bxd5 24. Rxd5 Rxc4+ 25. Kb3 R8c7 26. R1d2 Ke6 27. Rd6+ Kf5 28. Ra6 Rc3+ 29. Kb2 b4 30. Ra4 R3c4 31. a3 1-0

[Event "Pereira Gildardo Garcia Memorial-B"]
[Site "Pereira"]
[Date "2022.05.21"]
[Round "7"]
[White "Ponton, Cristian David"]
[Black "Rodriguez Sanchez, Diego Eduardo"]
[Result "0-1"]
[WhiteElo "1477"]
[BlackElo "1989"]
[PlyCount "58"]
[EventDate "2022.05.18"]
[EventType "swiss"]
[EventRounds "9"]
[EventCountry "COL"]
[SourceTitle "CBM 208 Extra"]
[Source "ChessBase"]
[SourceDate "2022.07.31"]
[SourceVersion "1"]
[SourceVersionDate "2022.07.31"]
[SourceQuality "1"]

1. d4 Nf6 2. Nf3 e6 3. e3 b6 4. Bd3 Bb7 5. Nbd2 d5 6. 0-0 Bd6 7. b3 Nbd7 8. Bb2 0-0 9. Rc1 c5 10. c4 Ne4 11. Qc2 f5 12. cxd5 exd5 13. Ne5 Rc8 14. Qd1 Qe7 15. f4 Ndf6 16. Nxe4 Nxe4 17. Bxe4 dxe4 18. Qe2 Qe6 19. Rfd1 Rfd8 20. Rd2 cxd4 21. Rxc8 Rxc8 22. Bxd4 Rc1+ 23. Kf2 Qh6 24. Kg3 g5 25. h3 Qh4+ 26. Kh2 gxf4 27. exf4 Qxf4+ 28. g3 Qf1 29. Qg2 e3 0-1

[Event "Pereira Gildardo Garcia Memorial-B"]
[Site "Pereira"]
[Date "2022.05.19"]
[Round "2"]
[White "Rodriguez Sanchez, Diego Eduardo"]
[Black "Quinones, Diego Alejandro"]
[Result "1-0"]
[WhiteElo "1989"]
[BlackElo "1311"]
[PlyCount "55"]
[EventDate "2022.05.18"]
[EventType "swiss"]
[EventRounds "9"]
[EventCountry "COL"]
[SourceTitle "CBM 208 Extra"]
[Source "ChessBase"]
[SourceDate "2022.07.31"]
[SourceVersion "1"]
[SourceVersionDate "2022.07.31"]
[SourceQuality "1"]

1. d4 Nf6 2. Bf4 g6 3. e3 Bg7 4. Be2 0-0 5. Nf3 d6 6. c4 Re8 7. Nc3 Nbd7 8. 0-0 Nh5 9. Bg5 h6 10. Bh4 g5 11. Nd2 Nhf6 12. Bg3 Nf8 13. Qb3 Ng6 14. Rad1 h5 15. h3 h4 16. Bh2 c6 17. Nde4 Nxe4 18. Nxe4 e5 19. dxe5 Bxe5 20. Bxe5 Rxe5 21. Rxd6 Qe7 22. Nf6+ Kg7 23. Rfd1 Re6 24. Rxe6 Bxe6 25. Ng4 Qc7 26. Qc3+ Kh7 27. Nf6+ Kh6 28. Bg4 1-0

[Event "Bogota Navidad op"]
[Site "Bogota"]
[Date "2019.12.08"]
[Round "7"]
[White "Reyes, Riscanevo"]
[Black "Rodriguez Sanchez, Diego Eduardo"]
[Result "0-1"]
[WhiteElo "1777"]
[BlackElo "2049"]
[PlyCount "68"]
[EventDate "2019.12.05"]
[EventType "swiss"]
[EventRounds "7"]
[EventCountry "COL"]
[SourceTitle "CBM 193 Extra"]
[Source "ChessBase"]
[SourceDate "2020.01.31"]
[SourceVersion "1"]
[SourceVersionDate "2020.01.31"]
[SourceQuality "1"]

1. d4 d5 2. c4 e6 3. Nc3 Nf6 4. Nf3 a6 5. c5 b6 6. b4 a5 7. Qa4+ Bd7 8. Qa3 Na6 9. b5 Nb4 10. Qb3 bxc5 11. dxc5 Bxc5 12. a3 d4 13. axb4 Bxb4 14. Nxd4 Ne4 15. Bb2 Qf6 16. Qxb4 Qxf2+ 17. Kd1 axb4 18. Rxa8+ Ke7 19. Nxe4 Qe3 20. Rxh8 Qxe4 21. Kc1 e5 22. Nc6+ Bxc6 23. bxc6 b3 24. Kd2 Qc2+ 25. Ke3 Qxb2 26. Kf2 Qd4+ 27. e3 Qa1 28. Rb8 b2 29. g3 b1Q 30. Rxb1 Qxb1 31. Bg2 Qc2+ 32. Kf1 Qd3+ 33. Kf2 Qd2+ 34. Kf1 Qxe3 0-1

[Event "Bogota Navidad op"]
[Site "Bogota"]
[Date "2019.12.06"]
[Round "2"]
[White "Rodriguez Sanchez, Diego Eduardo"]
[Black "Ballesteros Diaz, Jefree Daniel"]
[Result "1-0"]
[WhiteElo "2049"]
[BlackElo "1611"]
[PlyCount "107"]
[EventDate "2019.12.05"]
[EventType "swiss"]
[EventRounds "7"]
[EventCountry "COL"]
[SourceTitle "CBM 193 Extra"]
[Source "ChessBase"]
[SourceDate "2020.01.31"]
[SourceVersion "1"]
[SourceVersionDate "2020.01.31"]
[SourceQuality "1"]

1. d4 Nf6 2. Bf4 b6 3. e3 Bb7 4. Nf3 e6 5. Nbd2 Bb4 6. c3 Be7 7. Bd3 Nc6 8. h3 Nh5 9. Bh2 Nf6 10. Qc2 d5 11. 0-0-0 Bd6 12. Ne5 Qe7 13. Bb5 Bxe5 14. dxe5 Nd7 15. Qa4 Ndb8 16. f4 a6 17. Bd3 Qc5 18. Rhe1 b5 19. Qc2 a5 20. Bg1 a4 21. e4 d4 22. cxd4 Qxc2+ 23. Bxc2 Nb4 24. Bb1 N8c6 25. a3 Na6 26. Bd3 Na7 27. Kb1 0-0-0 28. d5 Kb8 29. Bxa7+ Kxa7 30. Bxb5 exd5 31. Bxa4 dxe4 32. Bc2 Nc5 33. Nc4 Nd3 34. Bxd3 exd3 35. g3 Rhe8 36. Nd2 Rd4 37. Rc1 Bd5 38. Rxc7+ Kb6 39. Rc3 f6 40. Re3 Bf7 41. Kc1 fxe5 42. fxe5 Bg6 43. Nf3 Rd5 44. Kd2 Re6 45. g4 h6 46. b4 Bh7 47. Rc8 Rd7 48. Rc5 Ra7 49. Rc3 Rd7 50. a4 Rf7 51. Rc5 Rf4 52. Rb5+ Kc6 53. Rc5+ Kd7 54. Kc3 1-0

[Event "Bogota McGregor op 3rd"]
[Site "Bogota"]
[Date "2012.12.16"]
[Round "8"]
[White "Rios Parra, Mauricio Flores"]
[Black "Rodriguez Sanchez, Diego Eduardo"]
[Result "1-0"]
[WhiteElo "2295"]
[BlackElo "2063"]
[PlyCount "75"]
[EventDate "2012.12.12"]
[EventType "swiss"]
[EventRounds "9"]
[EventCountry "COL"]
[SourceTitle "EXT 2014"]
[Source "ChessBase"]
[SourceDate "2013.11.20"]
[SourceVersion "1"]
[SourceVersionDate "2013.11.20"]
[SourceQuality "1"]

1. c4 e5 2. g3 Nf6 3. Bg2 d5 4. cxd5 Nxd5 5. Nc3 Be6 6. Nf3 Nc6 7. 0-0 Be7 8. d4 Nxc3 9. bxc3 e4 10. Nd2 f5 11. e3 0-0 12. c4 Bf7 13. Rb1 b6 14. f3 Nxd4 15. exd4 Qxd4+ 16. Kh1 Bxc4 17. Nxc4 Qxc4 18. fxe4 fxe4 19. Rxf8+ Rxf8 20. Qb3 Qxb3 21. axb3 Rd8 22. Bxe4 Rd1+ 23. Kg2 Re1 24. Kf3 Rh1 25. h4 c5 26. Bf4 Rh2 27. Rd1 Rb2 28. Rd7 Rxb3+ 29. Kg4 Kf8 30. Rxa7 g6 31. Bh6+ Ke8 32. Bc6+ Kd8 33. Rd7+ Kc8 34. Rxe7 Rb4+ 35. Bf4 h5+ 36. Kg5 Rd4 37. Bc7 b5 38. Bb6 1-0